[Event "Kamyshin-Open 2017"]
[Site "Ð’Ð¾Ð»Ð³Ð¾Ð³Ñ€Ð°Ð´Ñ�ÐºÐ°Ñ� Ð¾Ð"]
[Date "2017.06.20"]
[Round "5.5"]
[White "Borisenko, Anastasia"]
[Black "Kozubov, Mikhail"]
[Result "1-0"]
[WhiteElo "1725"]
[BlackElo "1649"]
[PlyCount "85"]
[EventDate "2017.06.20"]

1. e4 e6 2. d4 d5 3. exd5 exd5 4. Bd3 Bd6 5. Nf3 Ne7 6. c3 Bf5 7. Qc2 Bxd3 8.
Qxd3 c6 9. Be3 Qc7 10. Nbd2 Nd7 11. O-O O-O 12. Rfe1 Ng6 13. b4 a6 14. Nb3 Nf6
15. Nc5 Rfe8 16. Bg5 Nd7 17. Re2 Nxc5 18. dxc5 Bf4 19. Rae1 Qd7 20. g3 Bc7 21.
c4 h6 22. Bd2 Rxe2 23. Rxe2 Rd8 24. cxd5 cxd5 25. Bc3 Qg4 26. Kh1 h5 27. h4
Qh3+ 28. Kg1 Qg4 29. Be5 Nxe5 30. Nxe5 Bxe5 31. Rxe5 d4 32. Re7 f5 33. Rxb7 f4
34. c6 Qe6 35. c7 Re8 36. Qb3 d3 37. Qxe6+ Rxe6 38. c8=Q+ Kh7 39. Qxe6 d2 40.
Qe4+ Kg8 41. Qe8+ Kh7 42. Qxh5+ Kg8 43. Rb8# 1-0

[Event "Kamyshin-Open 2017"]
[Site "Ð’Ð¾Ð»Ð³Ð¾Ð³Ñ€Ð°Ð´Ñ�ÐºÐ°Ñ� Ð¾Ð"]
[Date "2017.06.20"]
[Round "5.6"]
[White "Boyko, Gleb"]
[Black "Pospelova, Ekaterina"]
[Result "1-0"]
[WhiteElo "1732"]
[BlackElo "1297"]
[PlyCount "83"]
[EventDate "2017.06.20"]

1. d4 d5 2. Nf3 c6 3. e3 Bf5 4. c4 e6 5. Be2 Nf6 6. O-O Bd6 7. b3 O-O 8. Bb2
Nbd7 9. Nbd2 Re8 10. Ne5 Qc7 11. f4 c5 12. Rc1 b6 13. Ndf3 Ne4 14. g4 Bg6 15.
cxd5 f6 16. Nxg6 hxg6 17. dxe6 Rxe6 18. Bc4 Rae8 19. f5 gxf5 20. gxf5 Nf8 21.
Qe2 b5 22. Bxe6+ Nxe6 23. fxe6 Rxe6 24. dxc5 Bxc5 25. Nd4 Re5 26. Nf3 Rh5 27.
Bd4 Qd7 28. Bxc5 Nxc5 29. Rfd1 Qg4+ 30. Qg2 Qe4 31. Rc3 b4 32. Rc4 Qxe3+ 33.
Qf2 Qe7 34. Re1 Qd6 35. Qe3 Qf8 36. Rec1 Nb7 37. Rc8 Nd8 38. Rd1 Qf7 39. Rdxd8+
Kh7 40. Rh8+ Kg6 41. Qd3+ Rf5 42. Nh4+ 1-0

[Event "Kamyshin-Open 2017"]
[Site "Ð’Ð¾Ð»Ð³Ð¾Ð³Ñ€Ð°Ð´Ñ�ÐºÐ°Ñ� Ð¾Ð"]
[Date "2017.06.20"]
[Round "6.1"]
[White "Yurovskikh, Yasmin"]
[Black "Kosov, Andrey"]
[Result "1/2-1/2"]
[WhiteElo "1890"]
[BlackElo "1984"]
[PlyCount "24"]
[EventDate "2017.06.20"]

1. e4 e5 2. Bc4 Nf6 3. d4 Nxe4 4. dxe5 c6 5. Qe2 Nc5 6. a3 Be7 7. Nf3 O-O 8.
O-O b5 9. Ba2 d5 10. exd6 Bxd6 11. Rd1 Qc7 12. Nc3 a5 1/2-1/2

[Event "Kamyshin-Open 2017"]
[Site "Ð’Ð¾Ð»Ð³Ð¾Ð³Ñ€Ð°Ð´Ñ�ÐºÐ°Ñ� Ð¾Ð"]
[Date "2017.06.20"]
[Round "6.2"]
[White "Pchelkin, Alexey"]
[Black "Kuzub, Pavel"]
[Result "1/2-1/2"]
[WhiteElo "2127"]
[BlackElo "2001"]
[PlyCount "33"]
[EventDate "2017.06.20"]

1. e4 c5 2. Nf3 d6 3. d4 cxd4 4. Nxd4 Nf6 5. Bd3 Nc6 6. c3 g6 7. O-O Bg7 8. Qc2
e5 9. Nxc6 bxc6 10. c4 O-O 11. Nc3 Bb7 12. Be3 d5 13. cxd5 cxd5 14. exd5 Nxd5
15. Nxd5 Qxd5 16. f3 Rfc8 17. Qb3 1/2-1/2

[Event "Kamyshin-Open 2017"]
[Site "Ð’Ð¾Ð»Ð³Ð¾Ð³Ñ€Ð°Ð´Ñ�ÐºÐ°Ñ� Ð¾Ð"]
[Date "2017.06.20"]
[Round "6.3"]
[White "Fridman, Roman A"]
[Black "Borisenko, Anastasia"]
[Result "1-0"]
[WhiteElo "1760"]
[BlackElo "1725"]
[PlyCount "95"]
[EventDate "2017.06.20"]

1. e4 e6 2. d4 d5 3. Nd2 c5 4. Ngf3 Nc6 5. exd5 exd5 6. Bb5 Nf6 7. O-O Be7 8.
dxc5 Bxc5 9. Re1+ Be6 10. Nb3 Qb6 11. Nxc5 Qxc5 12. Nd4 Ne4 13. f3 Nf6 14. Kh1
O-O 15. Bxc6 bxc6 16. Nxe6 fxe6 17. Rxe6 Rae8 18. Rxe8 Rxe8 19. Bg5 Nd7 20. Qd2
h6 21. Bf4 Qc4 22. Be3 c5 23. b3 Qb5 24. Qxd5+ Kh8 25. c4 Qa5 26. Bd2 Qc7 27.
Bc3 Nb6 28. Qh5 Qc6 29. Rd1 Qe6 30. Qxc5 Qe2 31. Qd4 Rg8 32. Qd2 Qe6 33. Re1
Qg6 34. h3 Kh7 35. Qd4 Qg5 36. Qe3 Qg3 37. Qe5 Qf2 38. Qe2 Qg3 39. Qe4+ Kh8 40.
Qg4 Qd6 41. Re6 Qd1+ 42. Kh2 Qc1 43. Bd4 Qd2 44. Be5 Nd7 45. Ba1 Qc1 46. Qd4
Nf8 47. Re8 Qb1 48. Rxf8 1-0

[Event "Kamyshin-Open 2017"]
[Site "Ð’Ð¾Ð»Ð³Ð¾Ð³Ñ€Ð°Ð´Ñ�ÐºÐ°Ñ� Ð¾Ð"]
[Date "2017.06.20"]
[Round "6.4"]
[White "Belikov, Semen"]
[Black "Boyko, Gleb"]
[Result "1-0"]
[WhiteElo "1846"]
[BlackElo "1732"]
[PlyCount "77"]
[EventDate "2017.06.20"]

1. e4 e6 2. d4 d5 3. Nc3 Nf6 4. e5 Nfd7 5. Nf3 c5 6. Bf4 a6 7. Qd2 Nc6 8. dxc5
Bxc5 9. Bd3 Bb4 10. a3 Qa5 11. O-O Bxc3 12. bxc3 Qc7 13. Qe2 h6 14. Rfe1 Na5
15. Bd2 Nc4 16. Bxc4 Qxc4 17. Qxc4 dxc4 18. Be3 Ke7 19. a4 b6 20. Nd2 Nxe5 21.
Bxb6 Nd7 22. Bd4 f6 23. Rab1 Rb8 24. Nxc4 Bb7 25. Ba7 Rbc8 26. Rxb7 Rxc4 27.
Rd1 e5 28. Rbxd7+ Ke6 29. R1d6+ Kf5 30. Rxa6 Rxc3 31. Rxg7 h5 32. Be3 Rf8 33.
h3 Ke4 34. Rd7 f5 35. Bd2 Rxh3 36. gxh3 Rg8+ 37. Kf1 f4 38. Ra5 Kf3 39. Rxe5
1-0

[Event "Kamyshin-Open 2017"]
[Site "Ð’Ð¾Ð»Ð³Ð¾Ð³Ñ€Ð°Ð´Ñ�ÐºÐ°Ñ� Ð¾Ð"]
[Date "2017.06.20"]
[Round "6.5"]
[White "Kozubov, Mikhail"]
[Black "Sokolov, Daniil"]
[Result "1-0"]
[WhiteElo "1649"]
[BlackElo "1705"]
[PlyCount "77"]
[EventDate "2017.06.20"]

1. d4 Nf6 2. Bf4 d6 3. e3 g6 4. c4 Bg7 5. Nc3 O-O 6. Nf3 Nc6 7. Be2 Re8 8. d5
Nb8 9. Bg5 h6 10. Bh4 g5 11. Bg3 e5 12. Qc2 Bd7 13. Qb3 Qc8 14. Qc2 a6 15. Nd2
Re7 16. e4 Qe8 17. Qb3 b6 18. Qc2 b5 19. b3 Ra7 20. Rc1 Rb7 21. Nd1 c6 22. Ne3
bxc4 23. Nexc4 Qd8 24. Nxd6 Rc7 25. Qb2 cxd5 26. O-O Nxe4 27. N2xe4 dxe4 28.
Nxe4 Bf5 29. Rfd1 Rxc1 30. Qxc1 Rd7 31. Rxd7 Qxd7 32. Nc5 Qc6 33. Qe3 Nd7 34.
Nxa6 Be4 35. f3 f5 36. Bc4+ Kh7 37. Bf2 Bb1 38. Qc1 Bd3 39. Nb4 1-0

[Event "Kamyshin-Open 2017"]
[Site "Ð’Ð¾Ð»Ð³Ð¾Ð³Ñ€Ð°Ð´Ñ�ÐºÐ°Ñ� Ð¾Ð"]
[Date "2017.06.20"]
[Round "6.6"]
[White "Kudryavtseva, Anastasia"]
[Black "Pospelova, Ekaterina"]
[Result "1-0"]
[WhiteElo "1447"]
[BlackElo "1297"]
[PlyCount "79"]
[EventDate "2017.06.20"]

1. d4 Nf6 2. Nf3 e6 3. Bg5 Be7 4. e3 O-O 5. Bd3 d5 6. O-O Ne4 7. Bxe7 Qxe7 8.
c3 f5 9. Ne5 Nd7 10. f4 c5 11. Nd2 c4 12. Bc2 b5 13. Ndf3 Rf6 14. Nxd7 Bxd7 15.
Ne5 Rh6 16. Bxe4 fxe4 17. Qg4 Rf8 18. h3 Be8 19. Rf2 Rf5 20. Raf1 Qf6 21. Qg3
Rh4 22. Kh2 a5 23. b3 cxb3 24. axb3 a4 25. bxa4 bxa4 26. Rb2 Qe7 27. Rb8 Rf8
28. Rfb1 Rh5 29. R1b7 Qf6 30. Ra7 g6 31. Rbb7 Kh8 32. Ng4 Qf5 33. Nh6 Rxh6 34.
Qg5 Qxg5 35. fxg5 Rh5 36. g4 Rf2+ 37. Kg1 Rxh3 38. Kxf2 Rf3+ 39. Kg2 Rxe3 40.
Re7 1-0

[Event "Kamyshin-Open 2017"]
[Site "Ð’Ð¾Ð»Ð³Ð¾Ð³Ñ€Ð°Ð´Ñ�ÐºÐ°Ñ� Ð¾Ð"]
[Date "2017.06.20"]
[Round "7.1"]
[White "Kuzub, Pavel"]
[Black "Fridman, Roman A"]
[Result "0-1"]
[WhiteElo "2001"]
[BlackElo "1760"]
[PlyCount "60"]
[EventDate "2017.06.20"]

1. Nf3 Nf6 2. g3 g6 3. Bg2 Bg7 4. O-O O-O 5. c4 d6 6. d4 Nc6 7. d5 Na5 8. Na3
c5 9. dxc6 Nxc6 10. e3 Nd7 11. Rb1 Nde5 12. Re1 Bg4 13. e4 Nd4 14. Re3 Ndxf3+
15. Bxf3 Nxf3+ 16. Rxf3 Bxf3 17. Qxf3 Qd7 18. b3 f5 19. Be3 Qc6 20. Re1 Rf7 21.
Qg2 fxe4 22. Nb5 e6 23. Bd4 d5 24. Bxg7 Rxg7 25. Nd4 Qb6 26. Nc2 Rf7 27. Ne3
Qa5 28. Rd1 Rd8 29. Ng4 Kg7 30. Qh3 h5 0-1

[Event "Kamyshin-Open 2017"]
[Site "Ð’Ð¾Ð»Ð³Ð¾Ð³Ñ€Ð°Ð´Ñ�ÐºÐ°Ñ� Ð¾Ð"]
[Date "2017.06.20"]
[Round "7.2"]
[White "Borisenko, Anastasia"]
[Black "Yurovskikh, Yasmin"]
[Result "1/2-1/2"]
[WhiteElo "1725"]
[BlackElo "1890"]
[PlyCount "91"]
[EventDate "2017.06.20"]

1. e4 d5 2. exd5 Qxd5 3. Nc3 Qa5 4. d4 Nf6 5. Bd3 Nc6 6. Nf3 Bg4 7. Be2 O-O-O
8. Bd2 Bxf3 9. Bxf3 Nxd4 10. Be2 Nxe2 11. Qxe2 Qh5 12. f3 e6 13. O-O-O Bb4 14.
a3 Be7 15. Be3 Bc5 16. Bf4 Nd5 17. Nxd5 exd5 18. Qb5 Bd6 19. Be3 c6 20. Qa5 a6
21. Rde1 Bc7 22. Qc5 Bb8 23. Bd2 Rhe8 24. h3 Qg6 25. g4 Qd6 26. Qd4 f6 27. f4
c5 28. Qd3 g6 29. Re2 c4 30. Qf3 d4 31. Rhe1 Rxe2 32. Qxe2 d3 33. Qe4 Qd5 34.
Qxd5 Rxd5 35. Re8+ Kc7 36. Re7+ Rd7 37. Rxd7+ Kxd7 38. cxd3 cxd3 39. Be3 Ke6
40. Kd2 h5 41. Kxd3 hxg4 42. hxg4 f5 43. g5 Kd5 44. Bd2 b5 45. b3 Bd6 46. a4
1/2-1/2

[Event "Kamyshin-Open 2017"]
[Site "Ð’Ð¾Ð»Ð³Ð¾Ð³Ñ€Ð°Ð´Ñ�ÐºÐ°Ñ� Ð¾Ð"]
[Date "2017.06.20"]
[Round "7.3"]
[White "Kosov, Andrey"]
[Black "Pchelkin, Alexey"]
[Result "1/2-1/2"]
[WhiteElo "1984"]
[BlackElo "2127"]
[PlyCount "29"]
[EventDate "2017.06.20"]

1. e4 e5 2. Nf3 Nc6 3. Bb5 d6 4. d4 exd4 5. Nxd4 Bd7 6. O-O Be7 7. Bf4 Nxd4 8.
Bxd7+ Qxd7 9. Qxd4 Nf6 10. Nc3 O-O 11. Rad1 Rfd8 12. e5 dxe5 13. Bxe5 Qxd4 14.
Rxd4 Rxd4 15. Bxd4 1/2-1/2

[Event "Kamyshin-Open 2017"]
[Site "Ð’Ð¾Ð»Ð³Ð¾Ð³Ñ€Ð°Ð´Ñ�ÐºÐ°Ñ� Ð¾Ð"]
[Date "2017.06.20"]
[Round "7.4"]
[White "Kozubov, Mikhail"]
[Black "Belikov, Semen"]
[Result "1/2-1/2"]
[WhiteElo "1649"]
[BlackElo "1846"]
[PlyCount "83"]
[EventDate "2017.06.20"]

1. d4 Nf6 2. Bf4 g6 3. e3 Bg7 4. Nf3 O-O 5. c4 d6 6. Nc3 Nbd7 7. Be2 Nh5 8. Bg3
Nxg3 9. hxg3 e5 10. Qd2 f5 11. dxe5 Nxe5 12. Rd1 Be6 13. b3 Nxf3+ 14. Bxf3 Bxc3
15. Qxc3 c6 16. Qb4 Qe7 17. Qxd6 Qxd6 18. Rxd6 Rfe8 19. O-O Kf7 20. Rfd1 Ke7
21. Kf1 Rad8 22. Rxd8 Rxd8 23. Rxd8 Kxd8 24. Ke2 Kc7 25. Kd3 Kd6 26. Kd4 c5+
27. Kd3 b6 28. Be2 g5 29. f4 h6 30. e4 Ke7 31. Ke3 Kf6 32. e5+ Kg6 33. Bf3 Bd7
34. Bd5 g4 35. Kd3 Kg7 36. Kc3 a5 37. a3 Kf8 38. b4 Ke7 39. bxc5 bxc5 40. e6
Be8 41. Kb3 Kd6 42. a4 1/2-1/2

[Event "Kamyshin-Open 2017"]
[Site "Ð’Ð¾Ð»Ð³Ð¾Ð³Ñ€Ð°Ð´Ñ�ÐºÐ°Ñ� Ð¾Ð"]
[Date "2017.06.20"]
[Round "7.5"]
[White "Boyko, Gleb"]
[Black "Kudryavtseva, Anastasia"]
[Result "1-0"]
[WhiteElo "1732"]
[BlackElo "1447"]
[PlyCount "93"]
[EventDate "2017.06.20"]

1. d4 Nf6 2. Nf3 g6 3. c4 Bg7 4. g3 O-O 5. Bg2 d6 6. O-O Nc6 7. Nc3 a6 8. e4
Bg4 9. h3 Bxf3 10. Bxf3 e5 11. d5 Ne7 12. Be3 Nh5 13. Bxh5 gxh5 14. Qxh5 f5 15.
Bg5 fxe4 16. Nxe4 Qd7 17. Bxe7 Qxe7 18. Qg5 Qf7 19. f3 Kh8 20. Qg4 h6 21. h4
Rg8 22. Kh2 Raf8 23. Rf2 Bf6 24. Qh3 Qg6 25. Raf1 Re8 26. Rg2 Rg7 27. g4 Rh7
28. Rfg1 Qf7 29. Ng3 Qg6 30. Nf5 Bd8 31. Rg3 Rf8 32. R3g2 Rff7 33. f4 exf4 34.
Re2 Rf8 35. Re6 Bf6 36. Rf1 Re8 37. Rfe1 Rxe6 38. Rxe6 Rf7 39. h5 Qg5 40. Re8+
Kh7 41. Qd3 Be5 42. Ne7+ Kg7 43. Rg8+ Kf6 44. Rxg5 hxg5 45. Nf5 b6 46. Kg2 Bxb2
47. Nh6 1-0

[Event "Kamyshin-Open 2017"]
[Site "Ð’Ð¾Ð»Ð³Ð¾Ð³Ñ€Ð°Ð´Ñ�ÐºÐ°Ñ� Ð¾Ð"]
[Date "2017.06.20"]
[Round "7.6"]
[White "Pospelova, Ekaterina"]
[Black "Sokolov, Daniil"]
[Result "1-0"]
[WhiteElo "1297"]
[BlackElo "1705"]
[PlyCount "69"]
[EventDate "2017.06.20"]

1. d4 Nf6 2. Bf4 d6 3. e3 g6 4. c4 Bg7 5. Be2 O-O 6. Nf3 Re8 7. O-O Nh5 8. Bg3
Nxg3 9. fxg3 e5 10. Nbd2 Nc6 11. d5 Ne7 12. e4 a5 13. a4 f5 14. h3 fxe4 15.
Nxe4 Nf5 16. Qd3 c6 17. g4 Qb6+ 18. Kh2 cxd5 19. Qxd5+ Be6 20. Qd2 Ne3 21. Rfc1
Rad8 22. c5 dxc5 23. Qxe3 Rd4 24. Nxd4 exd4 25. Qf2 c4 26. Bxc4 Qc7+ 27. Qg3
Qxc4 28. Rxc4 Bxc4 29. Qf3 d3 30. Nd2 Bxb2 31. Rb1 Be5+ 32. g3 Ba6 33. Rf1 Rd8
34. Qf7+ Kh8 35. Qe7 1-0

[Event "Kamyshin-Open 2017"]
[Site "Ð’Ð¾Ð»Ð³Ð¾Ð³Ñ€Ð°Ð´Ñ�ÐºÐ°Ñ� Ð¾Ð"]
[Date "2017.06.20"]
[Round "8.1"]
[White "Fridman, Roman A"]
[Black "Belikov, Semen"]
[Result "0-1"]
[WhiteElo "1760"]
[BlackElo "1846"]
[PlyCount "52"]
[EventDate "2017.06.20"]

1. e4 e5 2. Nf3 Nc6 3. Bb5 Bc5 4. O-O Nd4 5. Nxd4 Bxd4 6. c3 Bb6 7. d4 c6 8.
Bc4 d6 9. f4 Nf6 10. Kh1 Bg4 11. Qb3 O-O 12. fxe5 dxe5 13. Bg5 Qe7 14. Bxf6
gxf6 15. d5 cxd5 16. Bxd5 f5 17. Nd2 f4 18. Nc4 Be2 19. Nxb6 Bxf1 20. Nxa8 Be2
21. Qxb7 Qc5 22. Rg1 f3 23. gxf3+ Kh8 24. Rg3 Qf2 25. Qe7 Qf1+ 26. Rg1 Bxf3#
0-1

[Event "Kamyshin-Open 2017"]
[Site "Ð’Ð¾Ð»Ð³Ð¾Ð³Ñ€Ð°Ð´Ñ�ÐºÐ°Ñ� Ð¾Ð"]
[Date "2017.06.20"]
[Round "8.2"]
[White "Yurovskikh, Yasmin"]
[Black "Boyko, Gleb"]
[Result "1-0"]
[WhiteElo "1890"]
[BlackElo "1732"]
[PlyCount "51"]
[EventDate "2017.06.20"]

1. e4 e6 2. d4 d5 3. e5 c5 4. c3 Qb6 5. Nf3 Nc6 6. Bd3 Bd7 7. dxc5 Bxc5 8. O-O
a5 9. c4 Nge7 10. cxd5 exd5 11. Nc3 Nd4 12. Bg5 Nxf3+ 13. Qxf3 d4 14. Bxe7 dxc3
15. Bxc5 Qxc5 16. Rac1 Bc6 17. Be4 Bxe4 18. Qxe4 O-O 19. Rxc3 Qb4 20. Qc2 Rfe8
21. f4 b5 22. Rc7 Rad8 23. Qf5 Qd4+ 24. Kh1 Qd5 25. b3 Re6 26. Qxf7+ 1-0

[Event "Kamyshin-Open 2017"]
[Site "Ð’Ð¾Ð»Ð³Ð¾Ð³Ñ€Ð°Ð´Ñ�ÐºÐ°Ñ� Ð¾Ð"]
[Date "2017.06.20"]
[Round "8.3"]
[White "Pchelkin, Alexey"]
[Black "Borisenko, Anastasia"]
[Result "1/2-1/2"]
[WhiteElo "2127"]
[BlackElo "1725"]
[PlyCount "38"]
[EventDate "2017.06.20"]

1. e4 e6 2. d4 d5 3. exd5 exd5 4. Bd3 Bd6 (4... Nf6 5. Ne2 Bd6 6. O-O O-O 7.
Bf4 Bxf4 (7... c6 8. c3 Qc7 9. Bxd6 Qxd6 10. Qc2 Be6 11. Nd2 Nbd7 12. Rfe1 Rfe8
13. c4 dxc4 14. Bxc4 Bxc4 15. Nxc4 Qe6 (15... Qc7 16. Ng3 Rxe1+ 17. Rxe1 Re8
18. Rxe8+ Nxe8 19. Qf5 Ndf6 20. Ne4 Nxe4 21. Qxe4 Nf6 22. Qe5 Qxe5 23. Nxe5 Kf8
)) 8. Nxf4) 5. Nc3 Nf6 6. Nf3 O-O 7. O-O Nc6 8. Bg5 Bg4 9. Be2 Re8 10. h3 Bxf3
11. Bxf3 h6 12. Bh4 g5 13. Bg3 Bxg3 14. fxg3 Qd6 15. g4 Re6 16. Nb5 Qe7 17. Re1
Rxe1+ 18. Qxe1 Qxe1+ 19. Rxe1 Rc8 1/2-1/2

[Event "Kamyshin-Open 2017"]
[Site "Ð’Ð¾Ð»Ð³Ð¾Ð³Ñ€Ð°Ð´Ñ�ÐºÐ°Ñ� Ð¾Ð"]
[Date "2017.06.20"]
[Round "8.4"]
[White "Kosov, Andrey"]
[Black "Kozubov, Mikhail"]
[Result "1/2-1/2"]
[WhiteElo "1984"]
[BlackElo "1649"]
[PlyCount "124"]
[EventDate "2017.06.20"]

1. e4 c5 2. Nf3 d6 3. Bb5+ Nc6 4. d4 cxd4 5. Qxd4 a6 6. Bxc6+ bxc6 7. c4 e5 8.
Qd3 Nf6 9. O-O Be7 10. Nc3 O-O 11. c5 Qc7 12. cxd6 Bxd6 13. Bg5 Be7 14. Rfd1
Rd8 15. Qc4 Be6 16. Rxd8+ Bxd8 17. Qc5 Nd7 18. Bxd8 Rxd8 19. Qe3 f6 20. Rd1 Nb6
21. Rxd8+ Qxd8 22. b3 Bg4 23. Qd2 Qxd2 24. Nxd2 Be6 25. Kf1 Kf7 26. Ke2 Ke7 27.
Kd3 Kd6 28. Nd1 a5 29. Ne3 Kc5 30. Kc3 g6 31. a4 f5 32. Nc2 Bf7 33. Kb2 Nd7 34.
Ka3 Kb6 35. b4 c5 36. bxa5+ Kxa5 37. exf5 gxf5 38. Ne3 Be6 39. Nec4+ Ka6 40.
Kb2 Bd5 41. f3 e4 42. fxe4 fxe4 43. g4 Nb6 44. Nxb6 Kxb6 45. Kc3 Ka5 46. Nf1
Kxa4 47. h4 Kb5 48. g5 Bf7 49. Ng3 e3 50. Kd3 Kb4 51. Kxe3 Kb3 52. Ne4 c4 53.
Kd4 Kb4 54. Nc3 Bg6 55. Nd5+ Kb3 56. Nc3 Kb4 57. Ne2 Bh5 58. Nf4 Bf7 59. h5 c3
60. Nd3+ Kb3 61. Nc5+ Kb4 62. Nd3+ Kb3 1/2-1/2

[Event "Kamyshin-Open 2017"]
[Site "Ð’Ð¾Ð»Ð³Ð¾Ð³Ñ€Ð°Ð´Ñ�ÐºÐ°Ñ� Ð¾Ð"]
[Date "2017.06.20"]
[Round "8.5"]
[White "Kuzub, Pavel"]
[Black "Pospelova, Ekaterina"]
[Result "1-0"]
[WhiteElo "2001"]
[BlackElo "1297"]
[PlyCount "69"]
[EventDate "2017.06.20"]

1. e4 c5 2. Nc3 d6 3. g3 g6 4. Bg2 Bg7 5. f4 Nc6 6. Nf3 Bd7 7. O-O Nf6 8. d3
O-O 9. h3 h5 10. Nh4 Qc8 11. f5 Be8 12. Bg5 Ne5 13. Qd2 Kh7 14. Rf2 c4 15. d4
Nc6 16. Raf1 a6 17. Kh1 b5 18. fxg6+ fxg6 19. Nd5 Nxe4 20. Bxe4 Qxh3+ 21. Kg1
Qxg3+ 22. Ng2 Bxd4 23. Be3 Bxe3 24. Qxe3 Qxe3 25. Ndxe3 Rxf2 26. Rxf2 Ra7 27.
Nf4 Kh6 28. Ne6 Bd7 29. Nf8 Be8 30. Ne6 Bd7 31. Bxc6 Bxc6 32. Rf7 h4 33. Kh2 g5
34. Rg7 Bf3 35. Nf5+ 1-0

[Event "Kamyshin-Open 2017"]
[Site "Ð’Ð¾Ð»Ð³Ð¾Ð³Ñ€Ð°Ð´Ñ�ÐºÐ°Ñ� Ð¾Ð"]
[Date "2017.06.20"]
[Round "8.6"]
[White "Sokolov, Daniil"]
[Black "Kudryavtseva, Anastasia"]
[Result "0-1"]
[WhiteElo "1705"]
[BlackElo "1447"]
[PlyCount "109"]
[EventDate "2017.06.20"]

1. c4 Nf6 2. Nc3 g6 3. g3 Bg7 4. Bg2 O-O 5. e4 d6 6. Nge2 e5 7. O-O Be6 8. d3
c6 9. h3 Nbd7 10. Kh2 Rb8 11. f4 exf4 12. Nxf4 Nb6 13. Nxe6 fxe6 14. Rb1 c5 15.
Be3 e5 16. Qd2 Qd7 17. a3 Qc6 18. b4 Nbd7 19. Nd5 Nxd5 20. cxd5 Qc7 21. bxc5
Nxc5 22. Rxf8+ Rxf8 23. d4 exd4 24. Bxd4 Bxd4 25. Qxd4 b6 26. Re1 Nd7 27. Qb2
Rc8 28. Rf1 Ne5 29. Qf2 Qe7 30. Rb1 Kg7 31. a4 Rc5 32. Rb3 Qc7 33. Rb2 Qe7 34.
Ra2 Qf6 35. Qd2 Qd8 36. Ra1 Qc7 37. Ra2 Qd8 38. Ra1 Qc7 39. Ra2 Qd8 40. Qf2 Nd3
41. Qd4+ Ne5 42. Rf2 Rc4 43. Qa1 Rc5 44. Bf1 Qg5 45. Qd4 Kg8 46. Bg2 Qd8 47.
Ra2 Kg7 48. Qb4 Qc7 49. Qd2 Qd8 50. Qb2 Qc7 51. Qb3 Qd8 52. a5 Rxa5 53. Rxa5
bxa5 54. Qb7+ Qd7 55. Bf1 0-1

[Event "Ð’Ð¾Ð»Ð³Ð¾Ð³Ñ€Ð°Ð´Ñ�ÐºÐ°Ñ� Ð¾Ð"]
[Site "Ð’Ð¾Ð»Ð³Ð¾Ð³Ñ€Ð°Ð´Ñ�ÐºÐ°Ñ� Ð¾Ð"]
[Date "2017.06.20"]
[Round "9.1"]
[White "Kudryavtseva, Anastasia"]
[Black "Yurovskikh, Yasmin"]
[Result "0-1"]
[WhiteElo "1447"]
[BlackElo "1890"]
[PlyCount "80"]
[EventDate "2017.06.20"]

1. d4 d5 2. Nf3 Nf6 3. Bg5 Ne4 4. Bf4 c5 5. e3 Qb6 6. Qc1 Nc6 7. c3 f6 8. Be2
g5 9. Bg3 h5 10. h4 Nxg3 11. fxg3 g4 12. Nfd2 Bh6 13. dxc5 Qxc5 14. Nb3 Qxe3
15. Qxe3 Bxe3 16. Bd3 Ne5 17. Be2 Bf5 18. N1d2 O-O-O 19. Nd4 Nd3+ 20. Bxd3 Bxd3
21. Nf1 Bh6 22. Kf2 e5 23. Ne6 Rd6 24. Nc5 Bg6 25. Ke2 d4 26. cxd4 exd4 27. Nd2
d3+ 28. Kd1 Re8 29. Rc1 Kb8 30. Ncb3 Re2 31. Re1 Rde6 32. Rxe2 Rxe2 33. Rc4
Rxg2 34. Ke1 Rxg3 35. Nc5 a6 36. Nd7+ Ka7 37. Nxf6 Re3+ 38. Kd1 g3 39. Nf1 Rf3
40. Nd2 Rxf6 0-1

[Event "Ð’Ð¾Ð»Ð³Ð¾Ð³Ñ€Ð°Ð´Ñ�ÐºÐ°Ñ� Ð¾Ð"]
[Site "Ð’Ð¾Ð»Ð³Ð¾Ð³Ñ€Ð°Ð´Ñ�ÐºÐ°Ñ� Ð¾Ð"]
[Date "2017.06.20"]
[Round "9.2"]
[White "Fridman, Roman A"]
[Black "Kosov, Andrey"]
[Result "1/2-1/2"]
[WhiteElo "1760"]
[BlackElo "1984"]
[PlyCount "95"]
[EventDate "2017.06.20"]

1. e4 c6 2. d4 d5 3. Nc3 dxe4 4. Nxe4 Bf5 5. Ng3 Bg6 6. h4 h6 7. Bc4 e6 8. N1e2
Nf6 9. Nf4 Bh7 10. O-O Be7 11. c3 Nd5 12. Nxd5 exd5 13. Bd3 Bxd3 14. Qxd3 O-O
15. h5 Nd7 16. Nf5 Kh8 17. Qg3 Rg8 18. Re1 Bf8 19. Bf4 Nf6 20. Qh3 Qd7 21. g4
Ne4 22. f3 Nd6 23. Nh4 Be7 24. Re2 Bxh4 25. Qxh4 Rae8 26. Rae1 Rxe2 27. Rxe2
Re8 28. Qe1 Rxe2 29. Qxe2 Qe8 30. Qxe8+ Nxe8 31. Bb8 a6 32. Kf2 Kg8 33. Ke3 Kf8
34. f4 g6 35. hxg6 fxg6 36. Be5 Kf7 37. Kf3 Ke6 38. Kg3 Nf6 39. Bxf6 Kxf6 40.
Kh4 Ke6 41. b4 b5 42. a3 Kf7 43. g5 h5 44. f5 gxf5 45. Kxh5 Kg7 46. g6 f4 47.
Kg4 Kxg6 48. Kxf4 1/2-1/2

[Event "Ð’Ð¾Ð»Ð³Ð¾Ð³Ñ€Ð°Ð´Ñ�ÐºÐ°Ñ� Ð¾Ð"]
[Site "Ð’Ð¾Ð»Ð³Ð¾Ð³Ñ€Ð°Ð´Ñ�ÐºÐ°Ñ� Ð¾Ð"]
[Date "2017.06.20"]
[Round "9.3"]
[White "Belikov, Semen"]
[Black "Borisenko, Anastasia"]
[Result "1/2-1/2"]
[WhiteElo "1846"]
[BlackElo "1725"]
[PlyCount "55"]
[EventDate "2017.06.20"]

1. e4 e6 2. d4 d5 3. Nc3 Bb4 4. e5 c5 5. Qg4 Ne7 6. Nf3 Qc7 7. Bb5+ Nbc6 8.
dxc5 O-O 9. Bd2 Bxc5 10. Bxc6 bxc6 11. O-O Ng6 12. Qh5 Be7 13. Rfe1 Rb8 14.
Rab1 Bb7 15. Ng5 Bxg5 16. Bxg5 h6 17. Bd2 c5 18. b4 Ba8 19. bxc5 Qxc5 20. Rxb8
Rxb8 21. Qd1 d4 22. Ne4 Qxe5 23. f3 Qc7 24. Bc1 e5 25. Ba3 Rc8 26. Qd2 Qxc2 27.
Rc1 Bxe4 28. Rxc2 1/2-1/2

[Event "Ð’Ð¾Ð»Ð³Ð¾Ð³Ñ€Ð°Ð´Ñ�ÐºÐ°Ñ� Ð¾Ð"]
[Site "Ð’Ð¾Ð»Ð³Ð¾Ð³Ñ€Ð°Ð´Ñ�ÐºÐ°Ñ� Ð¾Ð"]
[Date "2017.06.20"]
[Round "9.4"]
[White "Kozubov, Mikhail"]
[Black "Kuzub, Pavel"]
[Result "0-1"]
[WhiteElo "1649"]
[BlackElo "2001"]
[PlyCount "108"]
[EventDate "2017.06.20"]

1. d4 Nf6 2. Bf4 c5 3. c3 d5 4. e3 Nc6 5. Nf3 a6 6. Bd3 e6 7. h3 b5 8. a3 Bb7
9. Nbd2 Bd6 10. Bxd6 Qxd6 11. b4 c4 12. Bc2 a5 13. O-O O-O 14. e4 dxe4 15. Bxe4
Nd8 16. Bxb7 Nxb7 17. Ne5 Nd5 18. Ne4 Qc7 19. Qc2 h6 20. Qd2 Ra7 21. f4 f6 22.
Ng6 Rfa8 23. Qb2 Kh7 24. f5 Ne3 25. Rf3 exf5 26. Rxe3 fxe4 27. Nh4 Qf4 28. Qf2
Qxf2+ 29. Kxf2 axb4 30. cxb4 Nd6 31. g4 g6 32. Ng2 Ra4 33. Nf4 Rxb4 34. Nd5
Rb2+ 35. Ke1 Kg7 36. Nc7 Rc8 37. Ne6+ Kf7 38. Nc5 f5 39. a4 Rh2 40. Rd1 bxa4
41. Nxa4 f4 42. Re2 Rxh3 43. Nc5 e3 44. Ra2 Rh1+ 45. Ke2 f3+ 46. Kxe3 Rxd1 47.
Kxf3 Rxd4 48. Ra7+ Kg8 49. Ne6 Rd3+ 50. Kf4 Nf7 51. g5 hxg5+ 52. Kg4 c3 53. Ra6
Rc4+ 54. Nd4 Rcxd4# 0-1

[Event "Ð’Ð¾Ð»Ð³Ð¾Ð³Ñ€Ð°Ð´Ñ�ÐºÐ°Ñ� Ð¾Ð"]
[Site "Ð’Ð¾Ð»Ð³Ð¾Ð³Ñ€Ð°Ð´Ñ�ÐºÐ°Ñ� Ð¾Ð"]
[Date "2017.06.20"]
[Round "9.5"]
[White "Pospelova, Ekaterina"]
[Black "Pchelkin, Alexey"]
[Result "1/2-1/2"]
[WhiteElo "1297"]
[BlackElo "2127"]
[PlyCount "67"]
[EventDate "2017.06.20"]

1. d4 d5 2. Bf4 e6 3. e3 c5 4. c3 Nc6 5. Bd3 Bd6 6. Bg3 Nf6 7. Nd2 e5 8. a3
cxd4 9. cxd4 exd4 10. exd4 Nxd4 11. Ngf3 Nxf3+ 12. Nxf3 O-O 13. O-O Bg4 14. Re1
Bxg3 15. hxg3 Qb6 16. b4 Rfe8 17. Qd2 Ne4 18. Bxe4 dxe4 19. Ng5 Qg6 20. Qf4 Bf5
21. g4 Bd7 22. Rxe4 Rxe4 23. Nxe4 Bxg4 24. Rc1 Bd7 25. Rc7 Bc6 26. f3 Rd8 27.
Nd6 h6 28. Nf5 Kh7 29. Nh4 Rd1+ 30. Kh2 Qb1 31. Qf5+ Qxf5 32. Nxf5 Rd7 33. Rxd7
Bxd7 34. Nd6 1/2-1/2

[Event "Ð’Ð¾Ð»Ð³Ð¾Ð³Ñ€Ð°Ð´Ñ�ÐºÐ°Ñ� Ð¾Ð"]
[Site "Ð’Ð¾Ð»Ð³Ð¾Ð³Ñ€Ð°Ð´Ñ�ÐºÐ°Ñ� Ð¾Ð"]
[Date "2017.06.20"]
[Round "9.6"]
[White "Sokolov, Daniil"]
[Black "Boyko, Gleb"]
[Result "1/2-1/2"]
[WhiteElo "1705"]
[BlackElo "1732"]
[PlyCount "36"]
[EventDate "2017.06.20"]

1. d4 d5 2. Nf3 Nf6 3. c4 c6 4. Nc3 e6 5. g3 Bb4 6. Bg2 O-O 7. O-O dxc4 8. e4
Nbd7 9. e5 Nd5 10. Bd2 Nxc3 11. bxc3 Be7 12. Re1 Re8 13. Rf1 b5 14. a4 Bb7 15.
axb5 cxb5 16. Rb1 a6 17. Nh4 Bxg2 18. Nxg2 Qc7 1/2-1/2